Giáo trình tâm lí học đại cương
Trình bày những vấn đề chung của tâm lí học, cơ sở xã hội của tâm lí, nhận thức và sự học, kiểu loại nhân cách và hình thành nhân cách, sự sai lệch hành vi cá nhân và hành vi xã hội
Saved in:
| Main Author: | |
|---|---|
| Format: | Book |
| Language: | Undetermined |
| Published: |
Hà Nội
Nxb. Đại học Sư phạm Hà Nội
2015
|
| Subjects: | |
| Tags: |
Add Tag
No Tags, Be the first to tag this record!
|
| Institutions: | Trung tâm Học liệu Trường Đại học Cần Thơ |
|---|
| LEADER | 01003nam a2200229Ia 4500 | ||
|---|---|---|---|
| 001 | CTU_204166 | ||
| 008 | 210402s9999 xx 000 0 und d | ||
| 020 | |c 39000 | ||
| 082 | |a 150.1 | ||
| 082 | |b U502 | ||
| 100 | |a Nguyễn, Quang Uẩn | ||
| 245 | 0 | |a Giáo trình tâm lí học đại cương | |
| 245 | 0 | |c Nguyễn Quang Uẩn (Chủ biên), Nguyễn Văn Luỹ, Đinh Văn Vang | |
| 260 | |a Hà Nội | ||
| 260 | |b Nxb. Đại học Sư phạm Hà Nội | ||
| 260 | |c 2015 | ||
| 520 | |a Trình bày những vấn đề chung của tâm lí học, cơ sở xã hội của tâm lí, nhận thức và sự học, kiểu loại nhân cách và hình thành nhân cách, sự sai lệch hành vi cá nhân và hành vi xã hội | ||
| 526 | |a Tâm lý học đại cương | ||
| 526 | |b SP009 | ||
| 650 | |a Psychology,Tâm lý học | ||
| 904 | |i Hải | ||
| 980 | |a Trung tâm Học liệu Trường Đại học Cần Thơ | ||